El urbanismo y la seguridad jurd̕ica

Detalles Bibliográficos
Formato: eBook
Lenguaje:español
Publicado: Madrid: Dykinson, 2020
Materias:
Acceso en línea:Acceso restringido

MARC

LEADER 00000nam a22000007a 4500
005 20200528172132.0
007 cr|||| ||||
008 200528s2020 es |||||s|||| 00||0 spa d
020 |a 978-84-1324-654-3 
035 |a 31533 
040 |a vLex 
090 |c 10443  |d 10443 
245 0 2 |a El urbanismo y la seguridad jurd̕ica  |h [Recurso electrn̤ico] / 
256 |a Servicio en ln̕ea 
260 |a Madrid:  |b Dykinson,  |c 2020 
300 |a 1 recurso electrn̤ico 
506 1 |a Disponible solo en los productos indicados  |d vLex Global  |d vLex Global (Academic Edition, excluding Law Schools)  |d vLex Global (U.S. Academic Edition, Law Schools)  |d vLex Global (U.S. Academic Edition, excluding Law Schools)  |d vLex Global (Academic Edition, Law Schools) 
650 0 4 |a Derecho Pb︢lico y Administrativo  |z Espaą 
740 0 |a vLex Libros (Servicio en ln̕ea) 
856 4 0 |u http://vlex.com/source/urbanismo-seguridad-juridica-31533  |z Acceso restringido 
942 |c BOOK 
999 0 |a Public and Administrative Law